000 00815nam a2200205 a 4500
001 000036304
005 20200930075646.0
008 120112s1940 xxu 001 0 eng d
040 _aDO-SdBNP
_bspa
_cBNPHU
082 _axxxx
_bB289f
100 1 _aBartlett, John
_962446
245 1 0 _aFamiliar quotations :
_ba collection of passages, phrases, and proverbs traced to their Sources in ancient and modern literature /
_cJohn Bartlett; editor Chritopher Morley, Louella D. Everett.
250 _arev. y ampl.
260 _aBoston, :
_bLittle, Brown and company,
_c1940.
300 _axlviii, 578 p. ;
_c23 cm.
500 _aIncluye índice
504 _aIncluye referencias bibliográficas y notas al pie de las páginas.
700 1 2 _aMorley, Chritopher ,
_eed.
_962447
700 1 2 _aEverett, Louella D.,
_eed.
_962448
999 _c35795
_d35795